| 000 | 00379nam a22001217a 4500 | ||
|---|---|---|---|
| 082 | _a200 THE | ||
| 100 |
_aSumaira Ghazal _969705 |
||
| 245 | _aTH-SOF-1607-Vision based Human Activity Recognition using Skeleton Data | ||
| 260 |
_aISLAMABAD _bNUST COLLEGE OF EME _c2019 |
||
| 650 |
_aMS-MTS-86 MSTHESIS _969706 |
||
| 700 |
_aSupervisor Dr. Umar Shahbaz Khan _969707 |
||
| 942 | _cCF | ||
| 999 |
_c576869 _d576869 |
||